[Event "BRA-ch U26 (Women)"]
[Site "Brasilia"]
[Date "2019.04.26"]
[Round "7"]
[White "De Lemos, Maria Emmanoele Dam"]
[Black "Liebl, Livia"]
[Result "0-1"]
[WhiteElo "1800"]
[BlackElo "1787"]
[PlyCount "116"]
[EventDate "2019.04.23"]
[EventType "swiss"]
[EventRounds "7"]
[EventCountry "BRA"]
[SourceTitle "CBM 190 Extra"]
[Source "ChessBase"]
[SourceDate "2019.07.15"]
[SourceVersion "1"]
[SourceVersionDate "2019.07.15"]
[SourceQuality "1"]

1. e4 d5 2. f3 d4 3. d3 c5 4. f4 Nc6 5. f5 e6 6. fxe6 Bxe6 7. Ne2 Bd6 8. Bf4 Nf6 9. Bg5 h6 10. Bh4 Be5 11. Na3 Qa5+ 12. Qd2 Qb6 13. b3 Qa6 14. Nc4 Bxc4 15. dxc4 Nxe4 16. Qd3 Qa5+ 17. Kd1 Nc3+ 18. Nxc3 Qxc3 19. Qxc3 dxc3 20. Bf2 Rd8+ 21. Ke1 Nb4 22. Bd3 Nxd3+ 23. cxd3 Rxd3 24. Rd1 Rxd1+ 25. Kxd1 Bd4 26. Re1+ Kd7 27. Bxd4 cxd4 28. Re4 Kc7 29. Rxd4 Rd8 30. Rxd8 Kxd8 31. Kc2 Kc7 32. Kxc3 Kc6 33. b4 b6 34. a4 g5 35. Kd4 f6 36. b5+ Kd6 37. a5 f5 38. a6 h5 39. c5+ bxc5+ 40. Kc4 Kc7 41. Kxc5 f4 42. Kb4 Kb6 43. Kc4 g4 44. Kd3 f3 45. gxf3 gxf3 46. Ke3 Kxb5 47. Kxf3 Kxa6 48. Kg3 Kb5 49. Kh4 a5 50. Kxh5 a4 51. h4 a3 52. Kg6 a2 53. h5 a1Q 54. h6 Qh8 55. h7 Kc6 56. Kh6 Kd6 57. Kg6 Ke6 58. Kh6 Kf6 0-1

[Event "BRA-ch U26 (Women)"]
[Site "Brasilia"]
[Date "2019.04.26"]
[Round "6"]
[White "Pascual, Julia Figueiredo"]
[Black "De Lemos, Maria Emmanoele Dam"]
[Result "1-0"]
[WhiteElo "1800"]
[BlackElo "1800"]
[PlyCount "93"]
[EventDate "2019.04.23"]
[EventType "swiss"]
[EventRounds "7"]
[EventCountry "BRA"]
[SourceTitle "CBM 190 Extra"]
[Source "ChessBase"]
[SourceDate "2019.07.15"]
[SourceVersion "1"]
[SourceVersionDate "2019.07.15"]
[SourceQuality "1"]

1. e4 e5 2. Nf3 Nc6 3. Bc4 d6 4. h3 h6 5. Nc3 Nf6 6. 0-0 Qe7 7. d3 Be6 8. b3 0-0-0 9. Nd5 Bxd5 10. Bxd5 Nxd5 11. exd5 Nd4 12. Nxd4 exd4 13. Re1 Qf6 14. Re4 Qf5 15. Rxd4 g5 16. g4 Qf6 17. Be3 a6 18. a4 Bg7 19. c3 Qg6 20. Rc4 h5 21. Kg2 Rde8 22. Qd2 f5 23. gxf5 Qxf5 24. Bd4 Qxd5+ 25. f3 Ref8 26. Bxg7 Qxf3+ 27. Kg1 Rf4 28. Rxf4 gxf4 29. Rf1 Qxh3 30. Qxf4 Rg8 31. Kf2 Rxg7 32. Qf8+ Kd7 33. Qxg7+ Kc6 34. Qg2+ Qxg2+ 35. Kxg2 b5 36. axb5+ axb5 37. b4 Kb6 38. Rf6 h4 39. Kh3 Kc6 40. c4 Kb6 41. Kxh4 bxc4 42. dxc4 Kc6 43. Kg4 Kd7 44. Rf7+ Ke6 45. Rxc7 Ke5 46. b5 Ke6 47. b6 1-0

[Event "BRA-ch U26 (Women)"]
[Site "Brasilia"]
[Date "2019.04.23"]
[Round "1"]
[White "De Medeiros, Thauane Ferreira"]
[Black "De Lemos, Maria Emmanoele Dam"]
[Result "1-0"]
[WhiteElo "1961"]
[BlackElo "1800"]
[PlyCount "29"]
[EventDate "2019.04.23"]
[EventType "swiss"]
[EventRounds "7"]
[EventCountry "BRA"]
[SourceTitle "CBM 190 Extra"]
[Source "ChessBase"]
[SourceDate "2019.07.15"]
[SourceVersion "1"]
[SourceVersionDate "2019.07.15"]
[SourceQuality "1"]

1. d4 e6 2. Nf3 Bd6 3. e4 c6 4. Bd3 Be7 5. 0-0 Nf6 6. Bg5 0-0 7. e5 h6 8. Bh4 g5 9. Nxg5 hxg5 10. Bxg5 Nh7 11. Bxh7+ Kh8 12. Bf6+ Bxf6 13. exf6 Rg8 14. Bxg8 Kxg8 15. Qg4+ 1-0